Heraldikas rokraksti Kurzeme 17. un 18. gadsimta

Titel: Heraldikas rokraksti Kurzeme 17. un 18. gadsimta
Verfasser:
In: Latvijas Zinātņu Akadēmija: Latvijas Zinātnu Akadēmijas vēstis. A daļa, Sociālās un humanitārās zinātnes, Band 56, Heft 2/3 (2002), Seite 1-10
alle Artikel anzeigen
Veröffentlicht: 2002
Format: Aufsatz
Sprache: Latein
Kein Bild verfügbar
X
alg: 39418181
001A    $01999:12-11-16 
001B    $01999:29-05-21 $t17:46:13.000 
001C    $06050:19-11-16 $t09:36:01.000 
001D    $01999:12-11-16 
001U    $0utf8 
001X    $00 
002@    $0Aox 
003@    $0394181816 
007A    $0394181816 $aHEB 
007T    $0Herdk74770 
010@    $alat 
011@    $a2002 
021A    $aHeraldikas rokraksti Kurzeme 17. un 18. gadsimta 
028A    $aLancmanis $dImants 
031A    $d56 $e2/3 $h1-10 $j2002 
037A    $aRękopisy heraldyczne XVII i XVIII wieku z Kurlandii w zbiorach bibliotek łotewskich  
037A    $aniem. res. 
039B    $aIn $8--Abvc--Latvijas Zinātņu Akadēmija [Tb1]. Latvijas Zinātnu Akadēmijas vēstis. A daļa, Sociālās un humanitārās zinātnes. - Rīgā, 1992-. - ISSN 0868-6556 $x200200000560002999 $9048608599 
045F    $a020.9438 $eDDC23BSB 
045F/01 $a020 
045F/03 $g438 
045F/03 $g4796 
045T    $a24 $a7,44 

lok: 39418181 78

exp: 39418181 78 1 #EPN
201B/01 $015-12-17 $t22:57:34.000 
201U/01 $0utf8 
203@/01 $0790292327 
208@/01 $a12-11-16 $be 
209A/01 $a/ $f000 $x00 
220C/01 $aTitelaufnehmer: pbb 
220C/01 $aHerkunft: PBB/IH PAN 
244Z/01 $2Trx $#Poola $#Lenkija $#Polija $#Polen Land $#Poland $#Lengyelország $#Poľsko $#Polsko $8--Trx--Polska$gkraj $x01 $9391345966 
244Z/01 $2Trx $#Latvija $#Lettland $#Łotwa $#Lotyšsko $8--Trx--Latvija $x02 $9391275879 
244Z/01 $#Curland $#Herzogtum Kurland $#Kurzeme $#Kuramaa $#Kuršas $#Courland $#Kúrföld $#Curonia $#Kurlandia $#Kurónsko $#Kuronsko $74033801-0 $8--Tg1--Kurland $x03 $9085090336 
244Z/01 $aGeschichte 1600-1800 $x04 
244Z/01 $2Trx $#heraldika $#heraldika mokslas $#heraldry $#heraldika tudomány $#heraldyka nauka $#heraldika náuka $#heraldika nauka $8--Trx--Heraldik$gWissenschaft $x05 $9391357220 
244Z/01 $2Trx $#käsikirjad $#rankraščiai $#Manuscripts $#kéziratok $#rękopisy $#rukopisy $#rukopisy $8--Trx--Handschriften $x06 $9391380524 
244Z/01 $2Trx $8--Trx--Zeitschriftenaufsatz $x07 $9391384341 
245Z/01 $a11.06 $x01 
247C/01 $82080>Marburg/Lahn, Herder-Institut, Forschungsbibliothek, Bibliographieportal $9336309341
LEADER 00000caa a22000002c 4500
001 394181816
003 DE-603
005 20210529174613.0
007 tu
008 161112s2002 xx |||| | u00||u|lat c
035 |a (DE-599)HEB394181816 
040 |a DE-603  |b ger  |c DE-603  |d DE-603 
041 |a lat 
082 0 4 |8 1\u  |a 020.9438  |q DE-101  |2 23/BSB 
084 |a 24  |a 7,44  |2 ssgn 
085 |8 1\u  |b 020 
085 |8 1\u  |z 2  |s 438 
085 |8 1\u  |z 2  |s 4796 
100 1 |a Lancmanis, Imants 
245 0 0 |a Heraldikas rokraksti Kurzeme 17. un 18. gadsimta 
264 0 |c 2002 
500 |a Rękopisy heraldyczne XVII i XVIII wieku z Kurlandii w zbiorach bibliotek łotewskich <pol> 
500 |a niem. res. 
773 0 8 |i In  |a Latvijas Zinātņu Akadēmija  |t Latvijas Zinātnu Akadēmijas vēstis. A daļa, Sociālās un humanitārās zinātnes  |d Rīgā, 1992-  |x 0868-6556  |g Band 56, Heft 2/3 (2002), Seite 1-10  |w (DE-603)048608599  |w (DE-600)1116654-X 
924 0 |9 2080  |a (DE-603)790292327  |b DE-2080  |c HES  |d d  |g /